Analysis of a counterflow indirect evaporative cooling and liquid desiccant dehumidification system.

Bibliographic Details
Main Author: Ullah, Mohammad Rifat
Other Authors: Childs, B. (degree committee member.), Somasundaram, Sriram (degree committee member.), Turner, W. D. (degree committee member.)
Format: Thesis Book
Language:English
Published: 1986.
Subjects:
Online Access:Link to ProQuest copy
Link to OAKTrust copy

MARC

Tag First Indicator Second Indicator Subfields
LEADER 00000ctm a2200000Ia 4500
001 in00000009201
005 20220104090738.0
008 880318s1986 xx a bm 000 0 eng d
035 |9 AAA3277AM 
035 |a (OCoLC)17644670 
035 |a (OCoLC)ocm17644670 
040 |a TXA  |b eng  |c TXA  |d OCLCQ  |d OCLCF  |d OCLCO  |d OCLCQ  |d TXA 
049 |a TXAM 
099 |a 1986  |a Dissertation  |a U41 
100 1 |a Ullah, Mohammad Rifat. 
245 1 0 |a Analysis of a counterflow indirect evaporative cooling and liquid desiccant dehumidification system. 
264 1 |c 1986. 
300 |a xxiv, 257 leaves :  |b illustrations ;  |c 29 cm 
336 |a text  |b txt  |2 rdacontent 
337 |a unmediated  |b n  |2 rdamedia 
338 |a volume  |b nc  |2 rdacarrier 
500 |a Typescript (photocopy). 
500 |a Vita. 
502 |b Ph. D. in Mechanical Engineering  |c Texas A & M University  |d 1986 
504 |a Includes bibliographical references (leaves 200-205). 
520 3 |a A solar-fired liquid desiccant cooling and dehumidification system has been proposed, analyzed and simulated on a digital computer. The entire study comprised of three distinct but related stages. The first phase of the study dealt with modeling a modified version of a roof-pool that works as an indirect evaporative cooler. A one-dimensional analysis performed on the adiabatic counter-flow plate heat exchanger indicated that the proposed cooler affords satisfactory performance. The next phase of the study was extensive and dealt with analyzing and modeling the behavior of an air dehumidification unit, the packed tower absorber. The study began with the derivation of heat and mass transfer coefficients, in the form of correlations, suitable for use with detailed computer models. Two packing materials, Raschig rings and Berl saddles, with the liquid desiccant being CaCl₂, were studied. Then an analytical investigation of the dehumidification of air occurring in a packed bed was carried out, by solving one-dimensional material- and energy-balance equations on a differential control-volume of the tower. The concept of a "moisture removal effectiveness", for a mass exchanger with heat effects, has been defined in this work, which is analogous to the thermal effectiveness approach used to model sensible heat exchangers. All the tower outlet conditions can be predicted via the effectiveness approach, making the modeling very appealing for transient simulation codes. The final phase of the work centered around modeling the remaining components of the proposed liquid desiccant system: open flow regenerator, sensible heat exchanger and liquid desiccant storage tank; calculating the space cooling load; and finally integrating all the subsystem models via an executive routine into an overall transient systems model. A detailed analysis revealed that a liquid desiccant system would be useful in high ventilation areas and where instead of the ARI room conditions one is satisfied with relatively higher room temperatures (say 80°F) which are nearly offset by relatively lower room humidities (say in the 50's). Also, a system performance for Houston, Texas, yielded seasonal thermal COP's of around 0.90; with electrical COP estimated at around 0.60, suggesting room for further research when compared with typical vapor compression electrical COP's of around 2.50. 
650 0 |a Solar air conditioning. 
650 0 |a Solar air conditioning  |x Mathematical models. 
650 4 |a Major mechanical engineering. 
655 7 |a Academic theses  |2 lcgft 
700 1 |a Childs, B.,  |e degree committee member. 
700 1 |a Kettleborough, C. F.,  |e degree supervisor. 
700 1 |a Somasundaram, Sriram,  |e degree committee member. 
700 1 |a Turner, W. D.,  |e degree committee member. 
710 2 |a Texas A & M University,  |e degree granting institution. 
856 4 1 |u http://proxy.library.tamu.edu/login?url=http://proquest.umi.com/pqdweb?did=749099401&sid=1&Fmt=2&clientId=2945&RQT=309&VName=PQD  |z Link to ProQuest copy  |t 0 
856 4 1 |u https://hdl.handle.net/1969.1/DISSERTATIONS-17121  |z Link to OAKTrust copy  |t 0 
994 |a C0  |b TXA 
999 f f |s 6b8c9a4d-85c1-3bef-954d-53370544e36a  |i 712a0bbd-773d-3f06-b913-420b73129c97  |t 0 
952 f f |p noncirc  |a Texas A&M University  |b J.J. Pickle Campus  |c High Density Repository  |s HDR  |d Remote Storage  |t 0  |e 1986 Dissertation U41  |h Other scheme  |i unmediated -- volume  |m A14839615300 
952 f f |a Texas A&M University  |b College Station  |c Electronic Resources  |s www_evans  |d Available Online  |t 0  |e 1986 Dissertation U41  |h Other scheme 
998 f f |a 1986 Dissertation U41  |t 0  |l Remote Storage 
998 f f |a 1986 Dissertation U41  |t 0  |l Available Online